Countries with 4 letters - Statistics

General Stats
  • This quiz has been taken 39 times
  • The average score is 9 of 10
Answer Stats
Answer % Correct
Fiji
97%
Chad
92%
Iran
92%
Iraq
92%
Mali
92%
Peru
92%
Laos
89%
Oman
89%
Togo
89%
Cuba
87%
No matching quizzes found
Score Distribution
Percent of People with Each Score
Percentile by Number Answered
Your Score History
You have not taken this quiz